000 00734nam a2200205Ia 4500
003 IN-BaIIA
008 211028s9999 xx 000 0 eng d
020 _a0-12-254103-0
040 _cIIA Library
080 _a535.417
_bFOU
245 0 _aFourier transform infrared spectroscopy
_bvol. 3, techniques using fourier transform interferometry
_cedited by John R. Ferraro and Louis J. Basile
260 _aNew York
_bAcademic Press
_c1982
300 _aviii, 215p.
650 _aAstronomy and astrophysics thesaurus
650 _aFourier transforms
_92808
650 _aSpectroscopy
_91535
700 _aBasile, Louis J., ed.
_912568
700 _aFerraro, John R., ed.
_96826
942 _cBK
999 _c7332
_d7332